Word Ladder: Common Surname Quiz Stats

 Plays Quiz Updated Jan 23, 2012

Support Sporcle.
Go Orange.
Score 0/24 Timer 03:00
0 Plays Today
Clue Answer % Correct
Birthday dessertCAKE
98.7%
Tarzan's love interest•JANE•
98%
Maggie Gyllenhaal's younger brotherJAKE
95.8%
What a nurse providesCARE
95.6%
'As Time ____ By'GOES
92%
Make, as a wageEARN
90.1%
James ____ Jones•EARL•
88.3%
Common lunch hourNOON
87.8%
Olympian sprinter LewisCARL
85.9%
Nasty and maliciousMEAN
85.2%
Alert to dangerWARN
85%
'____ Kampf'MEIN
83.2%
Clue Answer % Correct
Dimaggio, Pesci and BidenJOES
80%
Jett, Baez or CrawfordJOAN
74.5%
Common street nameMAIN
74.4%
Valjean of 'Les Miserables'•JEAN•
73.8%
'Benny and ____' (Johnny Depp film)JOON
70.9%
Christmas, in FranceNOËL
69.1%
One of the Coen Brothers•JOEL•
65.8%
Farm wagonWAIN
64%
Name of the jungle in 'Horton Hears a Who!'NOOL
58.9%
Billy who played the villain in 'Titanic'•ZANE•
54.2%
Standardized test for college seniors (abbr.)GRES
38.6%
Common surname for all the marked answersGREY
27.5%

Today's Daily Dose

You're not logged in!

Compare scores with friends on all Sporcle quizzes.
OR
Log In

From the Vault

Shape Venn Diagram II

by goc3

Geometry like this gives us flashbacks to our awkward teenage years.
Remove Ads.
Support Sporcle.
Get the best of Sporcle when you Go Orange. This ad-free experience offers more features, more stats, and more fun while also helping to support Sporcle. Thank you for becoming a member.

Show Comments

Extras

Top Quizzes Today


Score Distribution

Your Account Isn't Verified!

In order to create a playlist on Sporcle, you need to verify the email address you used during registration. Go to your Sporcle Settings to finish the process.

Report this User

Report this user for behavior that violates our Community Guidelines.

Details: